<?xml version="1.0" encoding="UTF-8"?><?xml-stylesheet type="text/xsl" href="static/style.xsl"?><OAI-PMH xmlns="http://www.openarchives.org/OAI/2.0/" xmlns:xsi="http://www.w3.org/2001/XMLSchema-instance" xsi:schemaLocation="http://www.openarchives.org/OAI/2.0/ http://www.openarchives.org/OAI/2.0/OAI-PMH.xsd"><responseDate>2026-04-13T01:53:54Z</responseDate><request verb="GetRecord" identifier="oai:www.recercat.cat:20.500.12328/4543" metadataPrefix="marc">https://recercat.cat/oai/request</request><GetRecord><record><header><identifier>oai:recercat.cat:20.500.12328/4543</identifier><datestamp>2025-05-16T12:50:28Z</datestamp><setSpec>com_2072_67741</setSpec><setSpec>col_2072_484352</setSpec></header><metadata><record xmlns="http://www.loc.gov/MARC21/slim" xmlns:dcterms="http://purl.org/dc/terms/" xmlns:xsi="http://www.w3.org/2001/XMLSchema-instance" xmlns:doc="http://www.lyncode.com/xoai" xsi:schemaLocation="http://www.loc.gov/MARC21/slim http://www.loc.gov/standards/marcxml/schema/MARC21slim.xsd">
   <leader>00925njm 22002777a 4500</leader>
   <datafield ind2=" " ind1=" " tag="042">
      <subfield code="a">dc</subfield>
   </datafield>
   <datafield ind2=" " ind1=" " tag="720">
      <subfield code="a">Gargallo-Albiol, Jordi</subfield>
      <subfield code="e">author</subfield>
   </datafield>
   <datafield ind2=" " ind1=" " tag="720">
      <subfield code="a">Zilleruelo-Pozo, María José</subfield>
      <subfield code="e">author</subfield>
   </datafield>
   <datafield ind2=" " ind1=" " tag="720">
      <subfield code="a">Lucas-Taulé, Ernest</subfield>
      <subfield code="e">author</subfield>
   </datafield>
   <datafield ind2=" " ind1=" " tag="720">
      <subfield code="a">Muñoz Peñalver, Jesús</subfield>
      <subfield code="e">author</subfield>
   </datafield>
   <datafield ind2=" " ind1=" " tag="720">
      <subfield code="a">Paternostro-Betancourt, Daniel</subfield>
      <subfield code="e">author</subfield>
   </datafield>
   <datafield ind2=" " ind1=" " tag="720">
      <subfield code="a">Hernandez Alfaro, Federico</subfield>
      <subfield code="e">author</subfield>
   </datafield>
   <datafield ind2=" " ind1=" " tag="260">
      <subfield code="c">2022</subfield>
   </datafield>
   <datafield ind2=" " ind1=" " tag="520">
      <subfield code="a">Objective: A cohort prospective study was conducted to assess the three-dimensional positioning accuracy of the implant between pre-surgical and the final implant position using a static fully guided approach in the posterior area of the jaws. Materials and methods: A total of 60 implants (30 patients) were digitally analyzed after superimposing the Digital Imaging and Communications in Medicine (DICOM) files obtained from the Cone Beam Computed Tomography (CBCT) pre- and post-implant placement. The software calculations included deviations at the implant shoulder and at the implant apex, global deviation (3D offset), and angle deviation. Statistical analysis was performed with α = 0.05. Results: Considering the total number of implants, mesiodistal, buccolingual, and apicocoronal mean deviations at the shoulder and implant apex were equal or below 0.21 ± 0.69 mm, and only the buccolingual mean deviation at the apex reached up to 0.67 ± 1.06 mm. The mesiodistal and apicocoronal deviations were not statistically significant at both the shoulder and apex levels of the implant. The mean total angular deviation was 5.62° ± 4.09. The main limitation of this surgical approach was the requirement for a wide mouth opening. Conclusions: Static fully guided surgery for dental implant placement exhibits minimum deviations respect to presurgical planning. The main limitation in the posterior areas is the requirement for a wide mouth opening. Clinical relevance: Even with minimum deviations clinically acceptable, precautions and safety margins must be respected when using static full-guided surgery to place dental implants.</subfield>
   </datafield>
   <datafield ind1="8" ind2=" " tag="024">
      <subfield code="a">Gargallo-Albiol, Jordi; Zilleruelo-Pozo, María José; Lucas-Taulé, Ernest [et al.]. Accuracy of static fully guided implant placement in the posterior area of partially edentulous jaws: a cohort prospective study. Clinical Oral Investigations, 2022, 26, p. 2783-2791. Disponible en: &lt;https://link.springer.com/article/10.1007/s00784-021-04254-3>. Fecha de acceso: 16 ene. 2025. DOI: 10.1007/s00784-021-04254-3</subfield>
   </datafield>
   <datafield ind1="8" ind2=" " tag="024">
      <subfield code="a">1436-3771</subfield>
   </datafield>
   <datafield ind1="8" ind2=" " tag="024">
      <subfield code="a">http://hdl.handle.net/20.500.12328/4543</subfield>
   </datafield>
   <datafield ind1="8" ind2=" " tag="024">
      <subfield code="a">https://dx.doi.org/10.1007/s00784-021-04254-3</subfield>
   </datafield>
   <datafield tag="653" ind2=" " ind1=" ">
      <subfield code="a">Precisió</subfield>
   </datafield>
   <datafield tag="653" ind2=" " ind1=" ">
      <subfield code="a">Cirurgia assistida per ordinador</subfield>
   </datafield>
   <datafield tag="653" ind2=" " ind1=" ">
      <subfield code="a">Assistida per ordinador</subfield>
   </datafield>
   <datafield tag="653" ind2=" " ind1=" ">
      <subfield code="a">Imatge tridimensional</subfield>
   </datafield>
   <datafield tag="653" ind2=" " ind1=" ">
      <subfield code="a">Implants dentals</subfield>
   </datafield>
   <datafield tag="653" ind2=" " ind1=" ">
      <subfield code="a">Precisión</subfield>
   </datafield>
   <datafield tag="653" ind2=" " ind1=" ">
      <subfield code="a">Cirugía asistida por computadora</subfield>
   </datafield>
   <datafield tag="653" ind2=" " ind1=" ">
      <subfield code="a">Cirugía asistida por computadora</subfield>
   </datafield>
   <datafield tag="653" ind2=" " ind1=" ">
      <subfield code="a">Imágenes tridimensionales</subfield>
   </datafield>
   <datafield tag="653" ind2=" " ind1=" ">
      <subfield code="a">Implantes dentales</subfield>
   </datafield>
   <datafield tag="653" ind2=" " ind1=" ">
      <subfield code="a">Accuracy</subfield>
   </datafield>
   <datafield tag="653" ind2=" " ind1=" ">
      <subfield code="a">Computer-aided surgery</subfield>
   </datafield>
   <datafield tag="653" ind2=" " ind1=" ">
      <subfield code="a">Computer-assisted</subfield>
   </datafield>
   <datafield tag="653" ind2=" " ind1=" ">
      <subfield code="a">Three-dimensional imaging</subfield>
   </datafield>
   <datafield tag="653" ind2=" " ind1=" ">
      <subfield code="a">Dental implants</subfield>
   </datafield>
   <datafield ind2="0" ind1="0" tag="245">
      <subfield code="a">Accuracy of static fully guided implant placement in the posterior area of partially edentulous jaws: a cohort prospective study</subfield>
   </datafield>
</record></metadata></record></GetRecord></OAI-PMH>